| Tag |
First Indicator |
Second Indicator |
Subfields |
| LEADER |
00000cam a22000001 4500 |
| 001 |
in00000060647 |
| 005 |
20191214063336.0 |
| 008 |
730807s1961 nyu b 00000 eng |
| 010 |
|
|
|a 61013385
|
| 035 |
|
|
|a (OCoLC)00964960
|
| 035 |
|
|
|9 AAG1671AM
|
| 040 |
|
|
|a DLC
|c DLC
|d TXA
|d UtOrBLW
|
| 049 |
|
|
|a TXAM
|c [337889]
|
| 050 |
0 |
0 |
|a HM271
|b .O67
|
| 082 |
0 |
|
|a 323.44
|
| 092 |
|
|
|a 323.44
|b O62d
|
| 100 |
1 |
|
|a Oppenheim, Felix E.,
|d 1913-2011.
|
| 245 |
1 |
0 |
|a Dimensions of freedom ;
|b an analysis.
|
| 264 |
|
1 |
|a New York :
|b St. Martin's Press,
|c [1961]
|
| 300 |
|
|
|a 242 pages ;
|c 25 cm.
|
| 336 |
|
|
|a text
|b txt
|2 rdacontent
|
| 337 |
|
|
|a unmediated
|b n
|2 rdamedia
|
| 338 |
|
|
|a volume
|b nc
|2 rdacarrier
|
| 504 |
|
|
|a Includes bibliography.
|
| 650 |
|
0 |
|a Liberty.
|
| 999 |
|
|
|a MARS
|
| 999 |
f |
f |
|s 72cfa10e-71c8-3356-856d-7b43441a53bc
|i 02af9475-494a-3c39-872b-b7d2c59030dc
|t 0
|
| 952 |
f |
f |
|p ric
|a Texas A&M University
|b Rellis Campus
|c Joint Library Facility
|d Remote Storage
|t 0
|e HM271 .O67
|h Library of Congress classification
|i unmediated -- volume
|m A14800666861
|
| 998 |
f |
f |
|a HM271 .O67
|t 0
|l Remote Storage
|